MARC

LEADER 00000nam0a2200000 4500
001 267676
005 20231101234111.0
035 |a (RuTPU)RU\TPU\book\290748 
090 |a 267676 
100 |a 20140804d1987 m y0rusy5003 ca 
101 0 |a rus 
102 |a UA 
105 |a a j 001zy 
200 1 |a Технология и комплексная механизация строительно-монтажных работ  |e учебник  |f А. В. Резуник, Ю. И. Беляков 
210 |a Киев  |c Вища школа  |d 1987 
215 |a 264 с.  |c ил. 
320 |a Библиогр.: с. 261 
606 1 |a Строительно-монтажные работы  |2 stltpush  |3 (RuTPU)RU\TPU\subj\57298  |9 75160 
610 1 |a строительное производство 
610 1 |a технологии 
610 1 |a транспорт 
610 1 |a земляные сооружения 
610 1 |a устройство 
610 1 |a буровые работы 
610 1 |a свайные основания 
610 1 |a каменные работы 
610 1 |a бетонные работы 
610 1 |a железнодорожные работы 
610 1 |a строительные конструкции 
610 1 |a монтаж 
610 1 |a отделочные работы 
610 1 |a учебники 
675 |a 69.057(075.8)  |v 3 
700 1 |a Резуник  |b А. В.  |g Анатолий Васильевич 
701 1 |a Беляков  |b Ю. И.  |g Юрий Иванович 
801 0 |a RU  |b RuMRKP  |c 19950417  |g psbo 
801 1 |a RU  |b 63413507  |c 20140804 
801 2 |a RU  |b 63413507  |c 20160909  |g RCR 
942 |c BK